| 000 | 01053nam a2200265Ia 4500 | ||
|---|---|---|---|
| 003 | OSt | ||
| 005 | 20221005104010.0 | ||
| 006 | a|||||r|||| 00| 0 | ||
| 007 | ta | ||
| 008 | 221004b |||||||| |||| 00| 0 hin d | ||
| 020 |
_a9788179171950 (hbk) _cINR 1500.00 |
||
| 024 | _a66117 | ||
| 037 |
_bGV719, 09/03/2020, Vani Prakashan _cTextual |
||
| 040 |
_aCRL _cCRL _bhin |
||
| 041 |
_2hin _ahin |
||
| 082 | _aV2, 152Q7 | ||
| 100 |
_aकोसंबी, दामोदर धर्मानंद, ले. _9623738 |
||
| 245 | 0 | _aभारतीय इतिहास के अध्ययन की भूमिका | |
| 246 | _aBhāratīya itihās ke adhyayan kī bhūmikā | ||
| 260 |
_aदिल्ली _bग्रंथ शिल्पी भारत _c2017 |
||
| 300 |
_a479पृ0 _ccm. |
||
| 650 |
_aभारत-इतिहास _9156353 |
||
| 942 |
_hV2, 152Q7 _cTEXL _2cc |
||
| 999 |
_c1011452 _d1011452 |
||